Movies that are "The" Something #3 - Statistics

General Stats
  • This quiz has been taken 48 times
  • The average score is 10 of 20
Answer Stats
Year Hint Title % Correct
2002 Polish-Jewish musician tries to survive the Holocaust in Warsaw. The Pianist
84%
2018 Giant prehistoric shark resurfaces to terrorize the ocean. The Meg
80%
2006 Boston cops and criminals infiltrate each other’s ranks. The Departed
68%
2008 Washed up wrestler struggles with aging and relationships. The Wrestler
64%
2011 Mississippi maids share their stories with a young writer. The Help
59%
2004 Romantic drama based on a Nicholas Sparks novel The Notebook
59%
1987 Federal agents battle Al Capone during Prohibition. The Untouchables
55%
1973 Con artists team up for a long con in Depression-era Chicago. The Sting
52%
2004 Isolated town hides a terrifying secret in the surrounding woods. The Village
50%
2000 Traveler seeks escape on a mysterious Thailand island. The Beach
48%
1994 Gothic vigilante returns from the dead seeking revenge. The Crow
48%
2010 Welterweight boxer from Lowell, Massachusetts competes for a title. The Fighter
48%
1979 "Born a poor black child," a clueless man becomes an inventor. The Jerk
48%
2014 Denzel Washington is former CIA operative turned vigilante. The Equalizer
45%
1999 Boxer Rubin Carter’s wrongful conviction inspires his fight. The Hurricane
45%
1996 Gay couple's son is to marry the daughter of a conservative senator. The Birdcage
43%
2000 American colonist turns soldier during the Revolutionary War. The Patriot
43%
2009 Father and son travel through a ruined, post-apocalyptic America. The Road
34%
1999 A tobacco whistleblower is interviewed on 60 Minutes. The Insider
25%
2002 A British mercenary driver finds himself involved in a trafficking plot. The Transporter
25%
No matching quizzes found
Score Distribution
Percent of People with Each Score
Percentile by Number Answered
Your Score History
You have not taken this quiz